| 000 | 00418nam a2200145Ia 4500 | ||
|---|---|---|---|
| 003 | GCL | ||
| 008 | 140319s9999 xx 000 0 ara d | ||
| 040 |
_aGCL / _cGCL |
||
| 082 | 0 | 4 |
_a811.61 _bا د |
| 100 | 1 | _aاوس بن حجر | |
| 245 | 1 | 0 |
_aديوان اوس بن حجر / _cاوس بن حجر |
| 700 | 1 | _aمحمد يوسف نجم | |
| 300 | _a198 ص | ||
| 490 |
_aالهيئة العامة للاستعلامات _v0 |
||
| 999 |
_c47572 _d47572 |
||